[Event "Senior DM 2017 - 65+"]
[Site "Logumkloster"]
[Date "2017.02.13"]
[Round "2"]
[White "Jensen, Ole Yde"]
[Black "Kristensen, Karl Martin"]
[Result "1-0"]
[WhiteElo "1619"]
[BlackElo "1557"]
[PlyCount "105"]
[EventDate "2017.02.??"]
[EventType "swiss"]
[EventRounds "7"]
[EventCountry "DEN"]

1. f4 d5 2. Nf3 c5 3. e3 g6 4. c3 Bg7 5. d4 c4 6. Be2 f5 7. O-O Nf6 8. Ne5 O-O
9. Bd2 Nbd7 10. Be1 b5 11. Bh4 Bb7 12. Nd2 Qe8 13. b3 e6 14. Rf3 Ng4 15. Rg3 h5
16. h3 Ngxe5 17. fxe5 Kh7 18. Nf3 Bh6 19. Ng5+ Kh8 20. bxc4 dxc4 21. Bf3 Bxf3
22. Qxf3 Rb8 23. a3 Nb6 24. Qe2 Nd5 25. Rc1 f4 26. exf4 Rxf4 27. Nf3 Rxh4 28.
Nxh4 Bxc1 29. Nxg6+ Kh7 30. Qxh5+ Bh6 31. Qg4 Ne3 32. Qe4 Nf5 33. Nh4 Qf7 34.
Rf3 Rf8 35. g4 Qg7 36. Ng2 Kh8 37. gxf5 Rxf5 38. Rxf5 exf5 39. Qxf5 Bc1 40.
Qh5+ Kg8 41. Qg4 Qxg4 42. hxg4 Bxa3 43. Nf4 a5 44. d5 b4 45. cxb4 Bxb4 46. d6
Kf7 47. e6+ Ke8 48. d7+ Kd8 49. g5 Bf8 50. Nd5 Bg7 51. Kf1 a4 52. Nb4 Bf8 53.
Nc6+ 1-0

[Event "Senior DM 2017 - 65+"]
[Site "Logumkloster"]
[Date "2017.02.13"]
[Round "2"]
[White "Haugaard, Thomas"]
[Black "Jensen, Jens Peter"]
[Result "1-0"]
[WhiteElo "1687"]
[BlackElo "1518"]
[PlyCount "71"]
[EventDate "2017.02.??"]
[EventType "swiss"]
[EventRounds "7"]
[EventCountry "DEN"]

1. d4 d5 2. c4 c6 3. Nf3 e6 4. e3 Be7 5. Nc3 Nf6 6. Qc2 Nbd7 7. b3 a6 8. Bb2
Bb4 9. Bd3 c5 10. O-O h6 11. cxd5 Bxc3 12. Bxc3 Nxd5 13. Rfd1 Nxc3 14. Qxc3
cxd4 15. Nxd4 Qf6 16. Rac1 O-O 17. Be4 Nb6 18. Qc5 Nd7 19. Qc7 Ra7 20. Nc6 Ra8
21. Na5 Ra7 22. Rxd7 Bxd7 23. Qxd7 Qb2 24. Qd1 Qa3 25. Nxb7 f5 26. Bf3 Qe7 27.
Na5 Rd8 28. Qc2 Qd7 29. Rd1 Qe8 30. Rxd8 Qxd8 31. Nc6 Qc7 32. Qc4 Kf7 33. Nxa7
Qxa7 34. Qc6 a5 35. Qb7+ Qxb7 36. Bxb7 1-0

[Event "Senior DM 2017 - 65+"]
[Site "Logumkloster"]
[Date "2017.02.13"]
[Round "2"]
[White "Bucka Lassen, Edlef"]
[Black "Christiansen, Niels Jorgen"]
[Result "1/2-1/2"]
[WhiteElo "1594"]
[BlackElo "1645"]
[PlyCount "75"]
[EventDate "2017.02.??"]
[EventType "swiss"]
[EventRounds "7"]
[EventCountry "DEN"]

1. c4 c6 2. g3 d5 3. cxd5 cxd5 4. Nf3 Nc6 5. d4 Nf6 6. Bg2 e6 7. O-O Bd6 8. Nc3
O-O 9. Re1 Bb4 10. a3 Be7 11. e4 dxe4 12. Nxe4 Nd5 13. Qc2 Bd7 14. Neg5 Bxg5
15. Nxg5 Nf6 16. d5 exd5 17. Bxd5 Qa5 18. Rd1 Rae8 19. Be3 Ne7 20. Bxb7 h6 21.
Rxd7 hxg5 22. Qc7 Qxc7 23. Rxc7 Ned5 24. Bxd5 Nxd5 25. Rxa7 Nxe3 26. fxe3 Rxe3
27. Rf1 f6 28. Kf2 Rb3 29. Rb1 Rc8 30. a4 Rc2+ 31. Kg1 Rd3 32. a5 Rdd2 33. b4
Rg2+ 34. Kf1 Rxh2 35. Kg1 Rhg2+ 36. Kf1 Rcf2+ 37. Ke1 Rc2 38. Kf1 1/2-1/2

[Event "Senior DM 2017 - 65+"]
[Site "Logumkloster"]
[Date "2017.02.13"]
[Round "2"]
[White "Hvenekilde, Jorgen"]
[Black "Moestrup, Jorn"]
[Result "1/2-1/2"]
[WhiteElo "2092"]
[BlackElo "2037"]
[PlyCount "29"]
[EventDate "2017.02.??"]
[EventType "swiss"]
[EventRounds "7"]
[EventCountry "DEN"]
[WhiteClock "1:04:23"]
[BlackClock "0:57:12"]

1. e4 c5 2. Nf3 d6 3. d4 cxd4 4. Nxd4 Nf6 5. Nc3 a6 6. Be2 e5 7. Nb3 Be6 8. Bf3
Be7 9. O-O Nbd7 10. Re1 Rc8 11. a4 Nb6 12. h3 O-O 13. a5 Nc4 14. Be2 Qc7 15.
Nd5 1/2-1/2

[Event "Senior DM 2017 - 65+"]
[Site "Logumkloster"]
[Date "2017.02.13"]
[Round "2"]
[White "Grabow, Pouelsten Holm"]
[Black "Palm, Eivind"]
[Result "1/2-1/2"]
[WhiteElo "2123"]
[BlackElo "1848"]
[PlyCount "54"]
[EventDate "2017.02.??"]
[EventType "swiss"]
[EventRounds "7"]
[EventCountry "DEN"]
[WhiteClock "1:01:08"]
[BlackClock "0:27:11"]

1. g3 d5 2. Bg2 Nf6 3. d4 c6 4. Nf3 g6 5. b3 Bg7 6. Bb2 Bf5 7. Nbd2 O-O 8. h3
Ne4 9. Nh4 Nd6 10. Nxf5 Nxf5 11. Nf3 c5 12. e3 Nc6 13. c3 cxd4 14. exd4 Re8 15.
O-O e6 16. Re1 Rc8 17. Rc1 b5 18. Qd3 Qa5 19. Qb1 Qb6 20. g4 Nd6 21. a3 a5 22.
Ne5 Nxe5 23. dxe5 Nb7 24. b4 f6 25. c4 fxe5 26. c5 Qc7 27. Qd3 e4 1/2-1/2

[Event "Senior DM 2017 - 65+"]
[Site "Logumkloster"]
[Date "2017.02.13"]
[Round "2"]
[White "Fjordside, Arne Dan"]
[Black "Hartung Nielsen, Jens"]
[Result "1/2-1/2"]
[WhiteElo "1926"]
[BlackElo "2174"]
[PlyCount "48"]
[EventDate "2017.02.??"]
[EventType "swiss"]
[EventRounds "7"]
[EventCountry "DEN"]
[WhiteClock "0:36:42"]
[BlackClock "0:48:25"]

1. d4 Nf6 2. Nf3 e6 3. Bf4 c5 4. c3 b6 5. Nbd2 Bb7 6. e3 Be7 7. h3 O-O 8. Bd3
Nc6 9. O-O cxd4 10. exd4 Nd5 11. Bh2 f5 12. Re1 Kh8 13. Qe2 Bf6 14. Bd6 Rg8 15.
Ne5 Nxe5 16. Bxe5 Bg5 17. Nc4 Nf4 18. Bxf4 Bxf4 19. Ne5 Rf8 20. Ba6 Qc7 21.
Bxb7 Qxb7 22. Qf3 Qxf3 23. Nxf3 Rac8 24. Rad1 Rce8 1/2-1/2

[Event "Senior DM 2017 - 65+"]
[Site "Logumkloster"]
[Date "2017.02.13"]
[Round "2"]
[White "Sorensen, Bent"]
[Black "Mortensen, Steen Juul"]
[Result "1-0"]
[WhiteElo "2255"]
[BlackElo "1920"]
[PlyCount "101"]
[EventDate "2017.02.??"]
[EventType "swiss"]
[EventRounds "7"]
[EventCountry "DEN"]
[WhiteClock "0:07:49"]
[BlackClock "0:17:23"]

1. Nf3 Nf6 2. g3 g6 3. Bg2 Bg7 4. c4 O-O 5. Nc3 c5 6. d4 cxd4 7. Nxd4 Nc6 8.
O-O Nxd4 9. Qxd4 d6 10. Qh4 a6 11. Bh6 Rb8 12. Bxg7 Kxg7 13. Rfd1 Qb6 14. Rd2
Re8 15. Qf4 Be6 16. b3 Qb4 17. Qd4 Kg8 18. Rad1 Rec8 19. Nd5 Bxd5 20. Bxd5 b5
21. Qa7 Nxd5 22. cxd5 Kf8 23. Qxa6 Qc5 24. a4 Ra8 25. Qxb5 Qxb5 26. axb5 Rab8
27. Rd3 Rxb5 28. Ra1 Rc2 29. Ra8+ Kg7 30. Re3 Rc7 31. Rd3 Rc2 32. Kf1 Rc1+ 33.
Kg2 Rc2 34. Kf3 Rb2 35. Ra3 Kf6 36. h4 h5 37. e4 Rc5 38. Ke3 Rc1 39. f4 Re1+
40. Kd4 Rbe2 41. e5+ dxe5+ 42. fxe5+ Rxe5 43. b4 R5e4+ 44. Kc5 Rb1 45. Rab3
Rc1+ 46. Kb6 Rcc4 47. b5 Ke5 48. Ka7 Ra4+ 49. Kb8 Rab4 50. b6 Ra4 51. Kc7 1-0

[Event "Senior DM 2017 - 65+"]
[Site "Logumkloster"]
[Date "2017.02.13"]
[Round "2"]
[White "Stald, Flemming"]
[Black "Rosenlund, Thorbjorn"]
[Result "0-1"]
[WhiteElo "1945"]
[BlackElo "2264"]
[PlyCount "64"]
[EventDate "2017.02.??"]
[EventType "swiss"]
[EventRounds "7"]
[EventCountry "DEN"]
[WhiteClock "0:17:59"]
[BlackClock "0:41:01"]

1. d4 Nf6 2. c4 c5 3. e3 e6 4. Nf3 d5 5. Nc3 a6 6. cxd5 exd5 7. dxc5 Bxc5 8.
Be2 Nc6 9. O-O O-O 10. b3 Qd6 11. Bb2 Rd8 12. a3 Ne4 13. b4 Bb6 14. Qc2 Nxc3
15. Bxc3 Qh6 16. Bd2 Bg4 17. Rfe1 Rac8 18. Qb2 Bc7 19. g3 Qh5 20. Nd4 Bxe2 21.
Nxe2 Ne5 22. Nf4 Nf3+ 23. Kf1 Bxf4 24. exf4 Qh3+ 25. Ke2 Nxe1 26. Bxe1 d4 27.
Rd1 Qe6+ 28. Kf1 Qe4 29. Kg1 Rc2 30. Qb3 Qe2 31. Qd3 Qxd3 32. Rxd3 Rc1 0-1

[Event "Senior DM 2017 - 65+"]
[Site "Logumkloster"]
[Date "2017.02.13"]
[Round "2"]
[White "Rendlev, Niels Moller"]
[Black "Lauritsen, Niels"]
[Result "1-0"]
[WhiteElo "1800"]
[BlackElo "2053"]
[PlyCount "59"]
[EventDate "2017.02.??"]
[EventType "swiss"]
[EventRounds "7"]
[EventCountry "DEN"]
[WhiteClock "0:04:52"]
[BlackClock "0:24:12"]

1. Nf3 g6 2. g3 Bg7 3. Bg2 e5 4. d3 Ne7 5. c4 O-O 6. Nc3 d6 7. O-O Nbc6 8. a3
h6 9. e3 Be6 10. Bd2 Qd7 11. b4 Bh3 12. Rc1 Bxg2 13. Kxg2 f5 14. b5 Nd8 15. d4
Ne6 16. Ne2 e4 17. Nfg1 g5 18. Nh3 Ng6 19. Nc3 f4 20. Nxe4 f3+ 21. Kh1 Nc5 22.
dxc5 Qxh3 23. Rg1 dxc5 24. Qf1 Qf5 25. Nc3 Rad8 26. Be1 c6 27. bxc6 bxc6 28.
Na4 g4 29. Ba5 Rd6 30. Rd1 1-0

[Event "Senior DM 2017 - 65+"]
[Site "Logumkloster"]
[Date "2017.02.13"]
[Round "2"]
[White "Baagoe, Hans Chr"]
[Black "Nielsen, Aage Sondergaard"]
[Result "0-1"]
[WhiteElo "1566"]
[BlackElo "1935"]
[PlyCount "126"]
[EventDate "2017.02.??"]
[EventType "swiss"]
[EventRounds "7"]
[EventCountry "DEN"]
[WhiteClock "0:21:00"]
[BlackClock "0:42:39"]

1. d4 e6 2. c4 d5 3. e3 c6 4. a3 f5 5. Nf3 Nd7 6. cxd5 exd5 7. Bd3 Qf6 8. Nc3
Bd6 9. b4 a6 10. Qc2 Nh6 11. O-O O-O 12. Ne2 Re8 13. Ng3 Nf8 14. Nh5 Qf7 15.
Nf4 Qe7 16. Bb2 g5 17. Ne2 Ng6 18. h3 Qf6 19. Rae1 g4 20. hxg4 Nxg4 21. g3 Bd7
22. Nf4 Rf8 23. Kg2 Rae8 24. Rh1 Nxf4+ 25. exf4 Rxe1 26. Rxe1 Qg7 27. Ne5 Bc8
28. Rh1 Rf6 29. Bc1 Rh6 30. Nxg4 Rxh1 31. Kxh1 Qxg4 32. Kg2 Qg6 33. b5 axb5 34.
Bxb5 Bd7 35. Be2 Qe8 36. Bf3 Qc8 37. Bd1 Kg7 38. Qe2 Qe8 39. Qxe8 Bxe8 40. f3
Kf6 41. Bb2 Ke6 42. Kh3 Bg6 43. Bc1 Be7 44. g4 Bf6 45. Be3 Kd6 46. g5 Bg7 47.
Kg3 b6 48. Kf2 c5 49. dxc5+ bxc5 50. Ke2 d4 51. Bd2 Kd5 52. Bb3+ c4 53. Ba4 d3+
54. Ke1 Kd4 55. Kf2 c3 56. Be3+ Kc4 57. Bd7 Bd4 58. Be6+ Kc5 59. Bxd4+ Kxd4 60.
Ke1 Ke3 61. Kd1 Be8 62. Bb3 Bc6 63. a4 Bxf3+ 0-1

[Event "Senior DM 2017 - 65+"]
[Site "Logumkloster"]
[Date "2017.02.13"]
[Round "2"]
[White "Rasmussen, Jens"]
[Black "Strachan, Christian C"]
[Result "0-1"]
[WhiteElo "1720"]
[BlackElo "1948"]
[PlyCount "128"]
[EventDate "2017.02.??"]
[EventType "swiss"]
[EventRounds "7"]
[EventCountry "DEN"]
[WhiteClock "0:03:43"]
[BlackClock "0:02:40"]

1. d4 d5 2. Nf3 Nf6 3. e3 c6 4. Bd3 Bg4 5. Nbd2 Nbd7 6. Be2 Qc7 7. h3 Bh5 8.
Nh4 Bxe2 9. Qxe2 e6 10. Nhf3 Be7 11. O-O O-O 12. e4 dxe4 13. Nxe4 Rfe8 14. Bg5
Nd5 15. Bxe7 Rxe7 16. g3 Rae8 17. c4 f5 18. Neg5 N5f6 19. Ne5 h6 20. Ngf3 Ne4
21. Kg2 c5 22. Ng6 Rf7 23. Nfe5 Rf6 24. f3 Ng5 25. h4 Nf7 26. f4 cxd4 27. h5
Nfxe5 28. fxe5 Rf7 29. Rad1 Nc5 30. Rxd4 Rd8 31. Rfd1 Rfd7 32. Rxd7 Rxd7 33.
Rxd7 Qxd7 34. b4 Ne4 35. Qe3 b6 36. c5 bxc5 37. bxc5 Qb7 38. Qb3 Nxc5+ 39. Qxb7
Nxb7 40. Kf3 Kf7 41. g4 fxg4+ 42. Kxg4 Nc5 43. Kf4 Nd7 44. Ke3 Nf8 45. Nf4 g6
46. Kd4 gxh5 47. Kc5 Ng6 48. Nxh5 Nxe5 49. Kd6 Nd3 50. a3 Kg6 51. Ng3 Kf6 52.
Ne4+ Kf5 53. Ng3+ Kg4 54. Ne4 Kf4 55. Nf6 Kf5 56. Nh5 e5 57. Ng3+ Kg4 58. Ne4
Kf4 59. Nf6 e4 60. Kd5 e3 61. Kd4 e2 62. Nd5+ Kf3 63. Kxd3 e1=Q 64. Kc2 Qe4+
0-1

[Event "Senior DM 2017 - 65+"]
[Site "Logumkloster"]
[Date "2017.02.13"]
[Round "2"]
[White "Olesen, Poul Erik Norgaard"]
[Black "Hansen, Ib Lynaes"]
[Result "1-0"]
[WhiteElo "2030"]
[BlackElo "1787"]
[PlyCount "57"]
[EventDate "2017.02.??"]
[EventType "swiss"]
[EventRounds "7"]
[EventCountry "DEN"]
[WhiteClock "0:24:30"]
[BlackClock "0:21:19"]

1. e4 e6 2. d4 b6 3. Bd3 Bb7 4. Nf3 c5 5. Qe2 cxd4 6. Nxd4 Nc6 7. Be3 Nf6 8.
O-O Rc8 9. Nc3 Nxd4 10. Bxd4 Be7 11. f4 O-O 12. e5 Ne8 13. f5 exf5 14. Bxf5 Bc5
15. Rad1 Bc6 16. Bxc5 bxc5 17. e6 dxe6 18. Rxd8 Rxd8 19. Bxe6 Nf6 20. Rxf6 gxf6
21. Bf5 Rfe8 22. Qh5 Re5 23. Ne4 Kf8 24. Qh6+ Ke8 25. Qxf6 Rd1+ 26. Kf2 Rxf5+
27. Qxf5 Bb5 28. Qc8+ Ke7 29. Qxc5+ 1-0

[Event "Senior DM 2017 - 65+"]
[Site "Logumkloster"]
[Date "2017.02.13"]
[Round "2"]
[White "Hardlei, Kim"]
[Black "Johnsen, Oystein"]
[Result "0-1"]
[WhiteElo "1811"]
[BlackElo "1983"]
[PlyCount "102"]
[EventDate "2017.02.??"]
[EventType "swiss"]
[EventRounds "7"]
[EventCountry "DEN"]
[WhiteClock "0:14:13"]
[BlackClock "0:25:31"]

1. e4 c5 2. Nc3 e6 3. Nf3 a6 4. d4 cxd4 5. Nxd4 Qc7 6. Be2 Bb4 7. Qd3 Nf6 8.
O-O Nc6 9. Bg5 Nxd4 10. Qxd4 Bc5 11. Qd3 Be7 12. f4 d6 13. Rad1 Bd7 14. e5 dxe5
15. fxe5 Ng8 16. Qf3 f5 17. exf6 Nxf6 18. Kh1 O-O-O 19. Rd3 Bc6 20. Qh3 Bd7 21.
Rfd1 Kb8 22. Rd4 h6 23. Rc4 Qa5 24. Qg3+ Ka8 25. Bf4 Bc6 26. Bc7 Rxd1+ 27. Bxd1
Qf5 28. Qf4 Rc8 29. Qxf5 exf5 30. Be5 Bxg2+ 31. Kxg2 Rxc4 32. Be2 Rc6 33. Bd3
g6 34. h3 Bc5 35. Kf3 Re6 36. Bf4 h5 37. Bc4 Re1 38. Bg5 Nd7 39. Bd5 Ne5+ 40.
Kg3 Rg1+ 41. Bg2 Nf7 42. Bd2 Kb8 43. Kh2 Kc8 44. b4 Ba7 45. Nd5 Rd1 46. Bf4 g5
47. Bf3 Rf1 48. Bxh5 gxf4 49. Bxf7 f3 50. Be6+ Kd8 51. Bxf5 Bb8+ 0-1

[Event "Senior DM 2017 - 65+"]
[Site "Logumkloster"]
[Date "2017.02.14"]
[Round "3"]
[White "Moestrup, Jorn"]
[Black "Hansen, Uwe"]
[Result "1-0"]
[WhiteElo "2037"]
[BlackElo "1412"]
[PlyCount "41"]
[EventDate "2017.02.??"]
[EventType "swiss"]
[EventRounds "7"]
[EventCountry "DEN"]

1. Nf3 c6 2. e4 e6 3. d4 d5 4. e5 c5 5. c3 c4 6. b3 b5 7. a4 Bd7 8. axb5 Bxb5
9. Na3 Bxa3 10. Bxa3 a5 11. bxc4 dxc4 12. Bxc4 Bc6 13. O-O Ne7 14. Bd3 Nd5 15.
Qd2 Nd7 16. Rfe1 Rb8 17. Rab1 N5b6 18. Qe2 h6 19. c4 g5 20. d5 exd5 21. e6 1-0

[Event "Senior DM 2017 - 65+"]
[Site "Logumkloster"]
[Date "2017.02.14"]
[Round "3"]
[White "Christiansen, Niels Jorgen"]
[Black "Rasmussen, Knud Aage"]
[Result "0-1"]
[WhiteElo "1645"]
[BlackElo "1795"]
[PlyCount "126"]
[EventDate "2017.02.??"]
[EventType "swiss"]
[EventRounds "7"]
[EventCountry "DEN"]

1. d4 Nf6 2. c4 g6 3. Nc3 Bg7 4. e4 d6 5. f3 O-O 6. Bd3 Nbd7 7. Nge2 e5 8. d5
Nc5 9. Bc2 a5 10. O-O Ne8 11. f4 Nd7 12. Rb1 Nc5 13. Ng3 exf4 14. Bxf4 Nd7 15.
Qd2 Ne5 16. Bxe5 Bxe5 17. Nce2 c6 18. Kh1 Bg4 19. Qh6 Bg7 20. Qf4 Bd7 21. Bd3
h5 22. Ng1 Be5 23. Qf2 Bg4 24. Nf3 Bxf3 25. Qxf3 Qh4 26. Rfd1 Bxg3 27. Qxg3
Qxg3 28. hxg3 c5 29. Re1 Nf6 30. Re2 Ng4 31. b3 Rfe8 32. Kg1 Re7 33. Rf1 Kg7
34. Rfe1 a4 35. Bc2 axb3 36. Bxb3 Ra5 37. Rf1 b5 38. Rc1 bxc4 39. Rxc4 Ne5 40.
Rc3 Ra3 41. Rce3 Rea7 42. Bd1 Rxa2 43. Rxa2 Rxa2 44. Kf1 Ra1 45. Ke2 Kf8 46.
Rc3 c4 47. Bc2 Ra2 48. Ke3 Rb2 49. Kf4 f6 50. Ke3 Ra2 51. Kf4 Ra1 52. Ke3 g5
53. Ke2 Ke7 54. Kf2 Kd7 55. Ke2 Kc7 56. Bb3 Ra3 57. Kd2 Rxb3 58. Rxb3 cxb3 59.
Kc3 Kb6 60. Kxb3 Kc5 61. Kc3 Ng4 62. Kd3 Kb4 63. Kd4 Kb3 0-1

[Event "Senior DM 2017 - 65+"]
[Site "Logumkloster"]
[Date "2017.02.14"]
[Round "3"]
[White "Larsen, Alex"]
[Black "Hardlei, Kim"]
[Result "0-1"]
[WhiteElo "1459"]
[BlackElo "1811"]
[PlyCount "70"]
[EventDate "2017.02.??"]
[EventType "swiss"]
[EventRounds "7"]
[EventCountry "DEN"]
[WhiteClock "0:10:41"]
[BlackClock "0:00:44"]

1. e4 e6 2. d4 b6 3. Be3 Bb7 4. Bd3 Nf6 5. f3 Be7 6. Nd2 c5 7. c3 Nc6 8. Ne2
cxd4 9. Bxd4 e5 10. Bf2 d5 11. Bc2 O-O 12. O-O Qc7 13. Ng3 g6 14. Be3 Rfd8 15.
Bh6 Bc5+ 16. Kh1 Ba6 17. Qc1 Bxf1 18. Ndxf1 d4 19. Qg5 Ne8 20. Nf5 dxc3 21.
bxc3 Na5 22. Ba4 f6 23. Qg4 Kf7 24. Bxe8+ Rxe8 25. Ng7 Re7 26. Ng3 Rg8 27. N3h5
Qd7 28. Rf1 Qxg4 29. fxg4 gxh5 30. Nf5 hxg4 31. Bc1 Rd8 32. Nh6+ Ke6 33. Nxg4
Rf7 34. Nh6 Rfd7 35. Ng4 Rd1 0-1

[Event "Senior DM 2017 - 65+"]
[Site "Logumkloster"]
[Date "2017.02.14"]
[Round "3"]
[White "Andersson, Finn"]
[Black "Rasmussen, Jens"]
[Result "0-1"]
[WhiteElo "1780"]
[BlackElo "1720"]
[PlyCount "97"]
[EventDate "2017.02.??"]
[EventType "swiss"]
[EventRounds "7"]
[EventCountry "DEN"]

1. e4 c5 2. f4 d6 3. Nf3 Bg4 4. h3 Bxf3 5. Qxf3 Nd7 6. Nc3 e5 7. fxe5 Nxe5 8.
Bb5+ Nc6 9. e5 Rc8 10. O-O f6 11. exf6 Qxf6 12. Qg4 Qd4+ 13. Qxd4 cxd4 14. Ne2
d5 15. Nxd4 Bc5 16. c3 Nf6 17. d3 Bxd4+ 18. cxd4 O-O 19. Bxc6 Rxc6 20. Bd2 b6
21. Bc3 g6 22. Rae1 Rf7 23. g3 a5 24. Kg2 Kg7 25. Re5 h6 26. Rfe1 Rcc7 27. Re6
Rb7 28. R1e5 Rfd7 29. Bd2 Ng8 30. Re2 g5 31. h4 gxh4 32. gxh4 Rdc7 33. Bf4 Re7
34. Be5+ Kh7 35. Rc6 Rf7 36. Rec2 Ne7 37. Re6 Nf5 38. Rec6 Ne3+ 39. Kg3 Nxc2
40. Rxc2 Kg6 41. Rc6+ Kh5 42. Bf4 Rg7+ 43. Kh3 Rg6 44. Rc2 Rf7 45. Re2 Rf5 46.
Re3 Rgf6 47. Re5 Rxe5 48. Bxe5 Rf3+ 49. Kg2 0-1

[Event "Senior DM 2017 - 65+"]
[Site "Logumkloster"]
[Date "2017.02.14"]
[Round "3"]
[White "Larsen, Torben"]
[Black "Bucka Lassen, Edlef"]
[Result "1-0"]
[WhiteElo "1658"]
[BlackElo "1594"]
[PlyCount "107"]
[EventDate "2017.02.??"]
[EventType "swiss"]
[EventRounds "7"]
[EventCountry "DEN"]

1. d4 d5 2. c4 e6 3. Nf3 Nf6 4. Nc3 g6 5. Bg5 Bg7 6. e4 Qd7 7. cxd5 exd5 8.
Bxf6 Bxf6 9. Nxd5 Bg7 10. Nc3 O-O 11. Bc4 Nc6 12. d5 Ne5 13. Nxe5 Bxe5 14. O-O
a6 15. f4 Bg7 16. e5 b5 17. Be2 Bb7 18. Bg4 Qe7 19. a3 Qc5+ 20. Kh1 Rad8 21.
Bf3 a5 22. Qb3 Qc4 23. Qxb5 Qxb5 24. Nxb5 Ba6 25. a4 Rfe8 26. Rfd1 Bb7 27. Nxc7
Re7 28. Nb5 Red7 29. Nc3 Bf8 30. g4 Bb4 31. Rac1 Kg7 32. Kg2 Bc5 33. Rc2 Bb4
34. Rcd2 h6 35. Rd3 Ba6 36. Re3 Bc5 37. Ree1 Rb8 38. Rd2 Rb3 39. Na2 Bc4 40.
Nc1 Rxf3 41. Kxf3 Bb4 42. Red1 Bxd2 43. Rxd2 Bxd5+ 44. Ke3 Rc7 45. Rxd5 Rxc1
46. Rxa5 Rb1 47. Rb5 Ra1 48. a5 Ra2 49. Kf3 Kf8 50. f5 g5 51. h3 Ke7 52. b4 Kd7
53. Rb6 Kc7 54. Rxh6 1-0

[Event "Senior DM 2017 - 65+"]
[Site "Logumkloster"]
[Date "2017.02.14"]
[Round "3"]
[White "Madsen, Nis H"]
[Black "Jensen, Hans Askov"]
[Result "1-0"]
[WhiteElo "1580"]
[BlackElo "1540"]
[PlyCount "85"]
[EventDate "2017.02.??"]
[EventType "swiss"]
[EventRounds "7"]
[EventCountry "DEN"]

1. e4 e5 2. Nf3 Nc6 3. Bc4 Bc5 4. c3 Nf6 5. d3 O-O 6. O-O d6 7. h3 Be6 8. Bb3
h6 9. Bxe6 fxe6 10. Qb3 Qc8 11. Be3 Bb6 12. Nbd2 d5 13. Bxb6 axb6 14. exd5 exd5
15. Rfe1 Re8 16. Ne4 Nxe4 17. dxe4 Qd7 18. exd5 Na5 19. Qd1 e4 20. Nh2 Re5 21.
Qd4 Rae8 22. b4 Nb3 23. axb3 Rxd5 24. Qc4 b5 25. Qe2 c6 26. c4 Rd2 27. Qh5 Re6
28. Ng4 bxc4 29. bxc4 Qd4 30. Ne3 Rf6 31. Rad1 Rfxf2 32. Rxd2 Qxd2 33. Qd1 Qb2
34. Qb1 Qd2 35. Qc1 Qa2 36. c5 Rb2 37. Qc4+ Kh8 38. Qxa2 Rxa2 39. Nf5 g6 40.
Nxh6 Kg7 41. Ng4 e3 42. Rxe3 Rb2 43. Re7+ 1-0

[Event "Senior DM 2017 - 65+"]
[Site "Logumkloster"]
[Date "2017.02.14"]
[Round "3"]
[White "Jensen, Jens Peter"]
[Black "Jensen, Scot Wolfgang"]
[Result "0-1"]
[WhiteElo "1518"]
[BlackElo "1691"]
[PlyCount "74"]
[EventDate "2017.02.??"]
[EventType "swiss"]
[EventRounds "7"]
[EventCountry "DEN"]

1. e4 e5 2. Bc4 Nf6 3. Nc3 c6 4. a3 a6 5. a4 Bc5 6. Nf3 d6 7. h3 h6 8. d4 exd4
9. Nxd4 Qe7 10. O-O Nbd7 11. Be3 Ne5 12. Bb3 g5 13. Nf5 Bxf5 14. Bxc5 dxc5 15.
exf5 Nfd7 16. Ne4 O-O-O 17. Qe2 Nf6 18. Rad1 Nxe4 19. Qxe4 f6 20. Rfe1 Rd6 21.
Qe3 Rxd1 22. Rxd1 Re8 23. Be6+ Kc7 24. Qc3 b6 25. a5 b5 26. Qg3 Rd8 27. Rd3
Rxd3 28. cxd3 Qd6 29. f4 Qd4+ 30. Qf2 Qxf2+ 31. Kxf2 Nxd3+ 32. Ke3 Nxf4 33. h4
Nxe6 34. fxe6 Kd6 35. g3 Kxe6 36. h5 Ke5 37. g4 c4 0-1

[Event "Senior DM 2017 - 65+"]
[Site "Logumkloster"]
[Date "2017.02.14"]
[Round "3"]
[White "Kristensen, Karl Martin"]
[Black "Bjerre, Per"]
[Result "0-1"]
[WhiteElo "1557"]
[BlackElo "1628"]
[PlyCount "98"]
[EventDate "2017.02.??"]
[EventType "swiss"]
[EventRounds "7"]
[EventCountry "DEN"]

1. c4 e5 2. Nc3 Nc6 3. d3 Nf6 4. h3 Be7 5. e4 d6 6. f4 exf4 7. Bxf4 Nd4 8. Be3
Nc6 9. Nf3 O-O 10. Qd2 Re8 11. d4 Bf8 12. Bd3 b6 13. a3 Na5 14. Qc2 g6 15. O-O
Nh5 16. b4 Nb7 17. Qf2 f6 18. b5 Be6 19. g4 Ng7 20. e5 dxe5 21. Ne4 Be7 22.
Rad1 Rf8 23. Bc2 exd4 24. Nxd4 Nd6 25. Bh6 Bxc4 26. Rfe1 Qe8 27. Bxg7 Kxg7 28.
a4 Nxe4 29. Rxe4 Qf7 30. Rde1 Bc5 31. Kh2 Rad8 32. Rd1 Bd5 33. Re2 Rfe8 34.
Rde1 Rxe2 35. Rxe2 Re8 36. Qe1 Rxe2+ 37. Nxe2 Qe6 38. Qd2 Be3 39. Qe1 Bf4+ 40.
Kg1 Qe3+ 41. Qf2 Bh2+ 42. Kf1 Qxh3+ 43. Ke1 Be5 44. Nf4 Bc3+ 45. Ke2 Bc4+ 46.
Bd3 Qxg4+ 47. Qf3 Qxf3+ 48. Kxf3 Bb3 49. Ke4 Be5 0-1

[Event "Senior DM 2017 - 65+"]
[Site "Logumkloster"]
[Date "2017.02.14"]
[Round "3"]
[White "Hansen, Ib Lynaes"]
[Black "Jensen, Ole Yde"]
[Result "1-0"]
[WhiteElo "1787"]
[BlackElo "1619"]
[PlyCount "107"]
[EventDate "2017.02.??"]
[EventType "swiss"]
[EventRounds "7"]
[EventCountry "DEN"]
[WhiteClock "0:57:27"]
[BlackClock "0:11:49"]

1. e4 e6 2. d4 d5 3. Nd2 Nf6 4. e5 Nfd7 5. Ngf3 c5 6. c3 Nc6 7. Bb5 a6 8. Ba4
b5 9. Bc2 Qb6 10. Nb3 cxd4 11. cxd4 Nb4 12. Bb1 a5 13. a3 Nc6 14. Be3 Ba6 15.
O-O a4 16. Nbd2 b4 17. Re1 b3 18. Nf1 Na5 19. Ng3 Be7 20. Bd3 Rc8 21. Rc1 O-O
22. Ne2 Nc4 23. Bxc4 Bxc4 24. Nc3 Qa6 25. Qd2 Nb6 26. Bg5 Bxg5 27. Nxg5 Bd3 28.
Re3 Bg6 29. Nh3 Nc4 30. Qe2 Qa7 31. Rg3 Qxd4 32. Nxa4 Qxe5 33. Qxe5 Nxe5 34.
Rgc3 Bc2 35. Nc5 Rxc5 36. Rxc5 Nd3 37. R5xc2 Nxc1 38. Rxc1 d4 39. Nf4 e5 40.
Nd5 f5 41. Kf1 e4 42. Ke2 f4 43. Rc8 Rxc8 44. Ne7+ Kf7 45. Nxc8 Ke6 46. Nb6 g5
47. Nc4 d3+ 48. Kd2 g4 49. Na5 Kd5 50. Nxb3 Kc4 51. Nc1 Kd4 52. Nxd3 exd3 53.
a4 Ke4 54. a5 1-0

[Event "Senior DM 2017 - 65+"]
[Site "Logumkloster"]
[Date "2017.02.14"]
[Round "3"]
[White "Nielsen, Aage Sondergaard"]
[Black "Olesen, Poul Erik Norgaard"]
[Result "1-0"]
[WhiteElo "1935"]
[BlackElo "2030"]
[PlyCount "47"]
[EventDate "2017.02.??"]
[EventType "swiss"]
[EventRounds "7"]
[EventCountry "DEN"]
[WhiteClock "0:06:50"]
[BlackClock "0:21:37"]

1. f4 Nf6 2. Nf3 d6 3. d3 g6 4. b3 Bg7 5. Bb2 c6 6. e4 e5 7. fxe5 Ng4 8. Nc3
dxe5 9. Qe2 Nd7 10. h3 Ngf6 11. g4 Qc7 12. O-O-O O-O 13. Qh2 Qb8 14. Ne2 Re8
15. Ng3 Nf8 16. Be2 a5 17. g5 N6d7 18. h4 a4 19. h5 axb3 20. axb3 b5 21. hxg6
fxg6 22. Nh4 Nc5 23. Rdf1 Nce6 24. Ngf5 1-0

[Event "Senior DM 2017 - 65+"]
[Site "Logumkloster"]
[Date "2017.02.14"]
[Round "3"]
[White "Strachan, Christian C"]
[Black "Grabow, Pouelsten Holm"]
[Result "0-1"]
[WhiteElo "1948"]
[BlackElo "2123"]
[PlyCount "94"]
[EventDate "2017.02.??"]
[EventType "swiss"]
[EventRounds "7"]
[EventCountry "DEN"]
[WhiteClock "0:25:18"]
[BlackClock "0:20:38"]

1. e4 e6 2. d4 d5 3. Nd2 c5 4. exd5 Qxd5 5. Ngf3 cxd4 6. Bc4 Qd6 7. Qe2 Nc6 8.
O-O Nf6 9. Nb3 Be7 10. Rd1 e5 11. c3 Bg4 12. h3 Bxf3 13. gxf3 Rd8 14. Bb5 O-O
15. Bxc6 d3 16. Qe3 bxc6 17. Re1 Qd7 18. Qxe5 Bd6 19. Qg5 Qxh3 20. Qg2 Qxg2+
21. Kxg2 Nd5 22. Re4 Rfe8 23. Bd2 f5 24. Rd4 Bb8 25. Rd1 Rd6 26. Kf1 Rg6 27. f4
Rh6 28. Kg2 Ree6 29. Rg1 Rhg6+ 30. Kf1 Rxg1+ 31. Kxg1 Re4 32. Rxd3 Bxf4 33. Nd4
Bxd2 34. Rxd2 Ne7 35. f3 Re1+ 36. Kf2 Rh1 37. Kg2 Rb1 38. Kg3 g5 39. Ne6 h6 40.
b3 f4+ 41. Kg2 Nd5 42. c4 Ne3+ 43. Kf2 Rf1+ 44. Ke2 Rg1 45. Nd4 h5 46. Nxc6 h4
47. Ne5 h3 0-1